| 000 | 00532nam a22001817a 4500 | ||
|---|---|---|---|
| 003 | OSt | ||
| 005 | 20140310181753.0 | ||
| 008 | 130628t xxu||||| |||| 00| 0 eng d | ||
| 020 | _a9718824015 | ||
| 050 |
_aPL 6063 _b.Sa111 1994 |
||
| 082 |
_aFIL 808.81 _bSa 1 1994 |
||
| 245 |
_aSa akin pa rin ang bukas at iba pang kuwento / _bmula sa Kalakasann (Kababaihan laban sa karahasan. |
||
| 260 |
_aQuezon City : _bCircle publication, _c1994. |
||
| 300 |
_aiv. 108 p. : _c20 cm. |
||
| 562 | _e1 | ||
| 942 |
_2lcc _cBK |
||
| 999 |
_c3319 _d3319 |
||